000
00306nam a22001337a 4500
008
170130b xxu||||| |||| 00| 0 eng d
020
_a
9780073272948
041
_a
eng
080
_a
61
100
_a
3
101
_a
SHMI
245
_a
MEDICAL LANGUAGE FOR MODERN HEALTH CARE
_c
ALLAN, D.M
942
_2
udc
_c
BK
999
_c
4029
_d
4029